MARC

LEADER 00000nam0a2200000 4500
001 279019
005 20231101235153.0
035 |a (RuTPU)RU\TPU\book\302297 
090 |a 279019 
100 |a 20141216d1985 k y0rusy50 ca 
101 0 |a rus 
102 |a RU 
105 |a a z 001zy 
200 1 |a Экономия топливно-энергетических ресурсов и использование промышленных отходов в производстве пористых заполнителей  |e сборник научных трудов  |f Всесоюзное научно-производственное объединение стеновых и вяжущих материалов 
210 |a Москва  |c Изд-во ВНПО "ВНИИстром"  |d 1985 
215 |a 105 с.  |c ил. 
320 |a Библиография в конце статей 
606 1 |a Заполнители пористые  |x Производство  |x Экономия материалов  |2 stltpush  |3 (RuTPU)RU\TPU\subj\35674  |9 57315 
610 1 |a углесодержащее сырье 
610 1 |a вспучивание 
610 1 |a трубчатые теплообменники 
610 1 |a установка 
610 1 |a сушильные барабаны 
610 1 |a теплообмен 
610 1 |a интенсификация 
610 1 |a керамзитный гравий 
610 1 |a получение 
610 1 |a сырьевые запасы 
610 1 |a расход 
610 1 |a нормирование 
610 1 |a огнеупорные материалы 
610 1 |a золы 
610 1 |a глинозольный гравий 
610 1 |a фазовый состав 
610 1 |a глинозольный керамзит 
675 |a 666.972.12  |v 4 
712 0 2 |a Всесоюзное научно-производственное объединение стеновых и вяжущих материалов  |c (Красково, Московская область)  |c (19??-1992)  |2 stltpush  |3 (RuTPU)RU\TPU\col\20393  |9 27732 
801 1 |a RU  |b 63413507  |c 20141216 
801 2 |a RU  |b 63413507  |c 20180126  |g RCR 
942 |c BK